000 00783nam a22002177a 4500
003 OSt
005 20260430031006.0
008 260430b |||||||| |||| 00| 0 eng d
020 _a97816236110739
040 _aDWCL Main Lib.
_cOC
082 _aProf. 158.1 C222a 2012
100 _aCanfield, Jack
_dAuthor
245 _aA 6th bowl of chicken soup for the soul :
_bmore stories to open the heart and rekindle the spirit /
_cJack Canfield, Mark Victor Hansen
260 _aUS :
_bChicken Soup for the Soul Publishing,
_cc2012.
300 _axi , 355 pages :
_billustrations ;
_c21cm.
490 _aFrom the classic bestselling series
650 _a1. Spiritual life -- Anecdotes.
650 _a2. Anecdotes.
700 _aI. Hansen, Mark Victor
_eAuthor
942 _2ddc
_cPROF.
_n0
999 _c10091
_d10091